000 nam a22 7a 4500
999 _c129178
_d129178
008 190312b xxu||||| |||| 00| 0 eng d
050 _aB785.S85 H475
100 _aHellin, Jose
_945136
245 _aEssential being and existential being in creatures, from a Suarezian point of view
_cJose Hellin
260 _c1948
300 _a67p. ;
_c27cm.
500 _aStencilled
600 _aSuarez, Francisco
_932942
942 _2lcc
_cMONOGRAPH